| 000 | 00462 a2200169 4500 | ||
|---|---|---|---|
| 005 | 20260330114658.0 | ||
| 008 | 260228b |||||||| |||| 00| 0 eng d | ||
| 020 | _a9781803092607 | ||
| 080 |
_a820-4 _bKLU/B |
||
| 100 | _a Kluge,Alexander | ||
| 245 | _aThe book of Commentary/ Unquiet garden of the soul | ||
| 260 |
_bSeagull books. _aCalcutta. _c2023. |
||
| 300 | _a356p. | ||
| 653 | _aEssays-English Literature | ||
| 700 | _aAlexander Booth | ||
| 942 | _cOO | ||
| 999 |
_c114866 _d114865 |
||